[Event "HUN-chT 9899"]
[Site "Hungary"]
[Date "1999.??.??"]
[Round "?"]
[White "Meszaros, Gyula"]
[Black "Meszaros, Gyorgy"]
[Result "1-0"]
[WhiteElo "2305"]
[BlackElo "2195"]
[PlyCount "129"]
[EventDate "1998.??.??"]
[EventType "team"]
[EventRounds "12"]
[EventCountry "HUN"]
[SourceTitle "EXT 2000"]
[Source "ChessBase"]
[SourceDate "1999.11.16"]
[SourceVersion "1"]
[SourceVersionDate "1999.11.16"]
[SourceQuality "1"]

1. d4 Nf6 2. Bg5 d5 3. Bxf6 exf6 4. e3 g6 5. c4 c6 6. Nc3 dxc4 7. Bxc4 Bg7 8. Nge2 0-0 9. 0-0 b5 10. Bb3 Bb7 11. Ne4 Nd7 12. Rc1 Qe7 13. Nc5 Nxc5 14. Rxc5 Rfd8 15. Nf4 Bf8 16. Qg4 Qd7 17. Qxd7 Rxd7 18. Rc2 Kg7 19. Nd3 a6 20. Nc5 Bxc5 21. Rxc5 f5 22. g3 Re8 23. Rfc1 Rd6 24. a4 Kf6 25. h4 h6 26. Bd1 h5 27. Bf3 Ree6 28. Kg2 Kg7 29. axb5 axb5 30. d5 cxd5 31. Rxb5 Rb6 32. Rcc5 Red6 33. Rxb6 Rxb6 34. Rc2 Kf6 35. Rd2 Ke5 36. Kf1 Ba6+ 37. Ke1 Bc4 38. Rc2 Rb3 39. Rd2 Rb6 40. Rc2 Rb3 41. Kd2 Kd6 42. Kc1 Ke5 43. Rd2 Rb6 44. Rd4 Rc6 45. Kb1 Rb6 46. Bd1 Rb7 47. Ba4 Kd6 48. Kc2 Ra7 49. b3 Bf1 50. Kb2 Be2 51. Rd2 Bf3 52. Bb5 Rb7 53. Bf1 f6 54. Rd4 g5 55. b4 f4 56. exf4 gxh4 57. gxh4 Rg7 58. Rd3 Be4 59. Rg3 Rc7 60. Rc3 Rg7 61. Kb3 d4 62. Rc8 Bd5+ 63. Bc4 Bc6 64. Rh8 Bf3 65. Rd8+ 1-0

[Event "HUN-chT 9899"]
[Site "Hungary"]
[Date "1998.??.??"]
[Round "?"]
[White "Bokros, Albert"]
[Black "Meszaros, Gyorgy"]
[Result "1-0"]
[WhiteElo "2365"]
[BlackElo "2195"]
[PlyCount "91"]
[EventDate "1998.??.??"]
[EventType "team"]
[EventRounds "12"]
[EventCountry "HUN"]
[SourceTitle "EXT 2000"]
[Source "ChessBase"]
[SourceDate "1999.11.16"]
[SourceVersion "1"]
[SourceVersionDate "1999.11.16"]
[SourceQuality "1"]

1. e4 c5 2. Nf3 Nc6 3. d4 cxd4 4. Nxd4 Nf6 5. Nc3 e5 6. Ndb5 d6 7. Bg5 a6 8. Na3 Be6 9. Nc4 Rc8 10. Bxf6 gxf6 11. Ne3 Bh6 12. Ncd5 Bxe3 13. Nxe3 Ne7 14. Bd3 d5 15. exd5 Nxd5 16. 0-0 Nf4 17. Qf3 Rg8 18. Rad1 Qc7 19. g3 Nh3+ 20. Kh1 Ng5 21. Qxf6 e4 22. Be2 Rg6 23. Qd4 Qc5 24. h4 Qxd4 25. Rxd4 Nf3 26. Bxf3 exf3 27. Rfd1 Rf6 28. a3 Rc5 29. Kh2 Re5 30. R1d3 h5 31. Rd8+ Ke7 32. Rb8 b5 33. b3 a5 34. Ra8 a4 35. bxa4 Bc4 36. Rc3 Rd6 37. Nxc4 bxc4 38. Rxf3 f6 39. Rc8 Rd4 40. Kg2 Ra5 41. Rc7+ Kd6 42. Rf7 Rxa4 43. R7xf6+ Ke7 44. R6f5 Rd2 45. Rc3 Rd1 46. Rf4 1-0

[Event "HUN-chT 9798"]
[Site "Hungary"]
[Date "1998.??.??"]
[Round "?"]
[White "Lakos, Nikoletta"]
[Black "Meszaros, Gyorgy"]
[Result "1/2-1/2"]
[WhiteElo "2380"]
[BlackElo "2195"]
[PlyCount "38"]
[EventDate "1997.??.??"]
[EventType "team"]
[EventRounds "12"]
[EventCountry "HUN"]
[SourceTitle "EXT 2000"]
[Source "ChessBase"]
[SourceDate "1999.11.16"]
[SourceVersion "1"]
[SourceVersionDate "1999.11.16"]
[SourceQuality "1"]

1. e4 e6 2. d4 d5 3. Nd2 Nf6 4. e5 Nfd7 5. Bd3 c5 6. c3 Nc6 7. Ne2 cxd4 8. cxd4 f6 9. exf6 Nxf6 10. 0-0 Qb6 11. Nf3 Bd6 12. Bf4 Bxf4 13. Nxf4 0-0 14. Qd2 Kh8 15. Ng5 Nxd4 16. Bxh7 Nxh7 17. Ng6+ Kg8 18. Ne7+ Kh8 19. Ng6+ Kg8 1/2-1/2

[Event "Budapest Spring op 14th"]
[Site "Budapest"]
[Date "1998.??.??"]
[Round "?"]
[White "Meszaros, Gyorgy"]
[Black "Szieberth, Adam"]
[Result "0-1"]
[WhiteElo "2220"]
[BlackElo "2390"]
[PlyCount "116"]
[EventDate "1998.03.??"]
[EventType "swiss"]
[EventRounds "9"]
[EventCountry "HUN"]
[SourceTitle "EXT 2002"]
[Source "ChessBase"]
[SourceDate "2001.11.25"]
[SourceVersion "1"]
[SourceVersionDate "2001.11.25"]
[SourceQuality "1"]

1. Nf3 Nf6 2. d4 c5 3. c3 e6 4. g3 b6 5. Bg2 Bb7 6. 0-0 d6 7. Nbd2 Be7 8. Re1 Nbd7 9. e4 cxd4 10. Nxd4 Qc7 11. c4 a6 12. b3 0-0 13. Bb2 Rfe8 14. Qe2 Bf8 15. Rac1 Rac8 16. g4 g6 17. Ba1 Qb8 18. Nc2 Bg7 19. f4 h5 20. g5 Nh7 21. Bxg7 Kxg7 22. Qf2 e5 23. f5 Nxg5 24. Rf1 Qc7 25. h4 Nh7 26. Ne3 Ndf6 27. Kh1 Rg8 28. Rg1 Kh8 29. Bf3 Qe7 30. fxg6 fxg6 31. Rg2 Rcf8 32. Nd5 Bxd5 33. cxd5 Nd7 34. Rcg1 Rf4 35. Rh2 Nhf6 36. Qe2 b5 37. Rg3 Nh7 38. Qg2 Rxh4 39. Rxg6 Rxh2+ 40. Kxh2 Qh4+ 41. Kg1 Rxg6 42. Qxg6 Ndf6 43. a4 Qf4 44. Qg2 Ng5 45. axb5 Qxd2 46. bxa6 Qe3+ 47. Kf1 Nxf3 48. Qf2 Qc1+ 49. Kg2 Ne1+ 50. Kh3 Qc3+ 51. Qg3 Qxg3+ 52. Kxg3 Nd7 53. Kh4 Nd3 54. a7 Nb6 55. Kxh5 Kg7 56. Kg5 Nc5 57. Kf5 Kf7 58. b4 Na6 0-1

[Event "Pecs Suto op"]
[Site "Pecs"]
[Date "1997.??.??"]
[Round "?"]
[White "Jamrich, Gyorgy"]
[Black "Meszaros, Gyorgy"]
[Result "1/2-1/2"]
[WhiteElo "2235"]
[BlackElo "2195"]
[PlyCount "78"]
[EventDate "1997.??.??"]
[EventType "swiss"]
[EventRounds "9"]
[EventCountry "HUN"]
[SourceTitle "EXT 2004"]
[Source "ChessBase"]
[SourceDate "2003.11.25"]
[SourceVersion "1"]
[SourceVersionDate "2003.11.25"]
[SourceQuality "1"]

1. e4 c5 2. b3 e6 3. Bb2 d5 4. exd5 exd5 5. d4 Nf6 6. Nf3 Bg4 7. Be2 Nc6 8. 0-0 Be7 9. Nbd2 0-0 10. h3 Bh5 11. Re1 Rc8 12. Nf1 Ne4 13. Ne3 Bg6 14. c4 dxc4 15. Bxc4 cxd4 16. Nxd4 Bc5 17. Nxc6 Rxc6 18. Qxd8 Rxd8 19. Rad1 Rcd6 20. Rxd6 Rxd6 21. Re2 h6 22. g3 Ng5 23. h4 Nf3+ 24. Kf1 Nd2+ 25. Ke1 Nxc4 26. Nxc4 Bb4+ 27. Kf1 Rd1+ 28. Kg2 Re1 29. Rxe1 Bxe1 30. Nd6 Bb1 31. a3 Ba2 32. Kf1 Ba5 33. b4 Bb6 34. Nxb7 Bd5 35. Nc5 Bc4+ 36. Ke1 f6 37. Kd2 Kf7 38. Kc3 Bf1 39. Kd4 Ke7 1/2-1/2

[Event "HUN-chT 9798"]
[Site "Hungary"]
[Date "1997.??.??"]
[Round "?"]
[White "Meszaros, Gyorgy"]
[Black "Horvath, Adam"]
[Result "1-0"]
[WhiteElo "2195"]
[BlackElo "2275"]
[PlyCount "105"]
[EventDate "1997.??.??"]
[EventType "team"]
[EventRounds "12"]
[EventCountry "HUN"]
[SourceTitle "EXT 2000"]
[Source "ChessBase"]
[SourceDate "1999.11.16"]
[SourceVersion "1"]
[SourceVersionDate "1999.11.16"]
[SourceQuality "1"]

1. d4 g6 2. e4 Bg7 3. c3 d5 4. Nd2 dxe4 5. Nxe4 Nd7 6. Bc4 Nb6 7. Bb3 Nf6 8. Nxf6+ Bxf6 9. Nf3 Bf5 10. 0-0 0-0 11. Bh6 Re8 12. Re1 a5 13. a4 c6 14. Bc2 Bxc2 15. Qxc2 Qd5 16. Bf4 Qf5 17. Qxf5 gxf5 18. Be5 Bxe5 19. Nxe5 e6 20. Kf1 Rad8 21. Nd3 Nd5 22. Ke2 f6 23. Kf3 Kf7 24. Rad1 b6 25. Nf4 e5 26. Nxd5 Rxd5 27. dxe5 fxe5 28. Rxd5 cxd5 29. Ke3 Kf6 30. Kd3 f4 31. g3 Kf5 32. gxf4 Kxf4 33. Re3 Rg8 34. Rh3 Rg7 35. Ke2 b5 36. axb5 Rb7 37. b4 a4 38. Rh6 Rxb5 39. Rxh7 d4 40. Kd3 dxc3 41. Rf7+ Kg4 42. Kxc3 e4 43. h3+ Kxh3 44. Re7 Kg2 45. Rxe4 Kxf2 46. Kb2 Kf3 47. Rh4 Ke3 48. Ka3 Kd3 49. Kxa4 Rb8 50. b5 Kc3 51. Ka5 Ra8+ 52. Kb6 Rg8 53. Ka6 1-0

[Event "Zalakaros op 16th"]
[Site "Zalakaros"]
[Date "1997.??.??"]
[Round "8"]
[White "Vida, Jeno"]
[Black "Meszaros, Gyorgy"]
[Result "1/2-1/2"]
[WhiteElo "2045"]
[BlackElo "2195"]
[PlyCount "86"]
[EventDate "1997.??.??"]
[EventType "swiss"]
[EventRounds "9"]
[EventCountry "HUN"]
[SourceTitle "EXT 2001"]
[Source "ChessBase"]
[SourceDate "2000.11.22"]
[SourceVersion "1"]
[SourceVersionDate "2000.11.22"]
[SourceQuality "1"]

1. d4 Nf6 2. c4 e6 3. Nc3 Bb4 4. Qc2 c5 5. Nf3 cxd4 6. Nxd4 Nc6 7. Nxc6 bxc6 8. Bg5 d5 9. e3 h6 10. Bxf6 Qxf6 11. cxd5 exd5 12. Bd3 0-0 13. 0-0 Re8 14. a3 Bd6 15. Ne2 Bd7 16. b4 a5 17. Rab1 axb4 18. axb4 Reb8 19. e4 Bxb4 20. exd5 cxd5 21. Qc7 Bg4 22. f3 Be6 23. Rfd1 Rc8 24. Qf4 Bc5+ 25. Kh1 Qe7 26. Qe5 Bd6 27. Qd4 Ra2 28. Qe3 Qh4 29. f4 Bg4 30. Rdc1 Rd8 31. Ng3 Bd7 32. Rf1 Ra4 33. Ne2 Re8 34. Qd2 g6 35. Bc2 Ra2 36. Nc3 Rxc2 37. Qxc2 Bf5 38. Qa4 Re3 39. Qa8+ Kg7 40. Nxd5 Ra3 41. Qb7 Bxb1 42. Qb2+ Kg8 43. Qxb1 Bf8 1/2-1/2

[Event "HUN-chT 9596"]
[Site "Hungary"]
[Date "1996.??.??"]
[Round "10"]
[White "Meszaros, Gyorgy"]
[Black "Orso, Miklos"]
[Result "0-1"]
[WhiteElo "2200"]
[BlackElo "2380"]
[PlyCount "80"]
[EventDate "1995.??.??"]
[EventType "team"]
[EventRounds "13"]
[EventCountry "HUN"]
[SourceTitle "EXT 2000"]
[Source "ChessBase"]
[SourceDate "1999.11.16"]
[SourceVersion "1"]
[SourceVersionDate "1999.11.16"]
[SourceQuality "1"]

1. e4 c5 2. Nf3 e6 3. d4 cxd4 4. Nxd4 a6 5. Bd3 Nc6 6. Be3 Nf6 7. 0-0 d5 8. exd5 Nxd5 9. Nxc6 bxc6 10. Be4 Qc7 11. Qf3 Bb7 12. c4 Nxe3 13. Qxe3 Bd6 14. f4 0-0 15. Kh1 f5 16. Bc2 c5 17. Nc3 Rf6 18. Rf2 Rg6 19. Rg1 Rf8 20. h3 Rff6 21. Kh2 Rh6 22. Rd1 g5 23. Rxd6 Qxd6 24. Qe5 Qxe5 25. fxe5 Rf7 26. Rd2 g4 27. Na4 Rc7 28. Rd6 gxh3 29. gxh3 Rg6 30. Rd2 Kf8 31. Rd8+ Kg7 32. Rd2 Kh6 33. Bd3 Ba8 34. Nb6 Bc6 35. Bf1 Kg5 36. Rf2 f4 37. Bd3 Rgg7 38. Rf1 Rb7 39. Rg1+ Kh6 40. Rxg7 Kxg7 0-1

[Event "Szekszard op "]
[Site "Szekszard"]
[Date "1995.??.??"]
[Round "?"]
[White "Meszaros, Gyorgy"]
[Black "Palko, Gabriella"]
[Result "1/2-1/2"]
[WhiteElo "2225"]
[BlackElo "2090"]
[PlyCount "98"]
[EventDate "1995.??.??"]
[EventType "swiss"]
[EventRounds "9"]
[EventCountry "HUN"]
[SourceTitle "EXT 1999"]
[Source "ChessBase"]
[SourceDate "1998.11.16"]
[SourceVersion "1"]
[SourceVersionDate "1998.11.16"]
[SourceQuality "1"]

1. d4 Nf6 2. Nc3 d5 3. e4 dxe4 4. f3 exf3 5. Nxf3 Bg4 6. h3 Bh5 7. g4 Bg6 8. Ne5 e6 9. Qf3 c6 10. g5 Nfd7 11. Nxg6 hxg6 12. Bg2 Be7 13. 0-0 0-0 14. h4 Nb6 15. Qd3 N8d7 16. Bf4 Nd5 17. Nxd5 cxd5 18. Rae1 Rc8 19. Bh3 Rc6 20. Re2 Qb6 21. c3 Bd6 22. Rxe6 Bxf4 23. Rxc6 Qxc6 24. Rxf4 b5 25. Rf2 Nb6 26. a3 a6 27. Qf3 Qc7 28. Bf1 Re8 29. Bd3 Nc4 30. Bxc4 bxc4 31. Kg2 Re4 32. Re2 Rxh4 33. Re8+ Kh7 34. Qg3 Qf4 35. Qxf4 Rxf4 36. Ra8 Rf5 37. Rxa6 Rxg5+ 38. Kf3 Rf5+ 39. Kg4 Rf2 40. Rb6 Rf1 41. Rb5 Rb1 42. a4 Ra1 43. a5 Ra2 44. Kf4 f6 45. Rxd5 Rxb2 46. Rc5 Re2 47. d5 Kg8 48. Rc8+ Kf7 49. Rc7+ Ke8 1/2-1/2